| 000 | 00656nam a22002057a 4500 | ||
|---|---|---|---|
| 003 | OSt | ||
| 005 | 20251125114016.0 | ||
| 008 | 251125b |||||||| |||| 00| 0 eng d | ||
| 020 | _a978-1-133-94002-9 | ||
| 040 |
_aDWC-Main lib. _cOC |
||
| 082 |
_2eleventh edition. _aCirc. 301 T611i 2014 |
||
| 100 | _aTischler, Henry L. | ||
| 245 |
_aIntroduction to sociology/ _cHenry L. Tischler |
||
| 260 |
_aAustralia : _bWadsworth/Cengage Learning, _cc2014. |
||
| 300 |
_axxx, 514 pages : _billustrations ; _c28 cm. |
||
| 504 | _aIncludes glossary. | ||
| 650 | _a1. Sociology. | ||
| 760 | _beleventh edition. | ||
| 942 |
_2ddc _cBK-CIRC _eeleventh edition. _kCirc. _n0 |
||
| 999 |
_c6248 _d6248 |
||